000 01706nam a2200397 c 4500
003 BLK
005 20240511121536.0
008 180413b bul|||||r ||||||| ||bul||
010 _aKNG00023564000
040 _aBLK
041 _aBUL
_cBUL
080 _aПтици, които се отглеждат от човека. Декоративни и пойни птици
_b636.6
_x.083(035)
_z636.6.083(035)
100 1 _aБирмелин, Имануел
_eпърви автор
_939212
700 1 _aВолтер, Анете
_eсъавт.
_9265571
700 1 _aПенева, Ваня
_eпрев. от нем.
_9363385
139 _aБирмелин, Имануел и др.
_bБ 45
245 1 0 _aВълнисти папагалчета
_cИмануел Бирмелин; съавт. Анете Волтер; прев. от нем. Ваня Пенева.
257 _aDEU
260 София
_bЕмас
_c1998
_fСофия : Балкан прес
300 _a271 с.
_bс ил., 8 л. цв. ил.
_c20 см
380 _a63
490 1 _aДомашни любимци
500 _aОриг. загл. Wellensittiche / I. Birmelin, A. Wolter. - Офс. изд. - 2 000 тир.
650 4 _aПапагали - отглеждане
_9165657
650 4 _aПтици, декоративни - отглеждане и болести
_9253612
653 _aпапагали
653 _aдекоративни птици
653 _aнаръчници
653 _aръководства
852 _aЦб 197745
856 4 _qpdf
_u
856 4 _qpdf
_u
942 _cKNG
_n0
_06
944 _aCR
_c15.01.2003
_k30543
_lИва Цветкова
944 _aED
_c16.10.2008
_k
999 _c21287
_d21287